skbl

Dr Suryya Kumar Bhuyan Library Web-OPAC
ডঃ সূৰ্য্য
কুমাৰ ভূঞা পুথিভঁৰাল ৱেব-অ'পেক

All Research Scholars are advised to clear the annual library fees to continue using Library Resources, Remote Access, Plagiarism Test and Library Clearance.

Cotton University Book Fair 2026

Asamiya Sanskritilai Janajatiya Barangani / (Record no. 4478)

MARC details
000 -LEADER
fixed length control field 00828nam a2200313Ia 4500
001 - CONTROL NUMBER
control field 4491
005 - DATE AND TIME OF LATEST TRANSACTION
control field 20240113233739.0
007 - PHYSICAL DESCRIPTION FIXED FIELD--GENERAL INFORMATION
fixed length control field ta
008 - FIXED-LENGTH DATA ELEMENTS--GENERAL INFORMATION
fixed length control field 050613s1993 a g b000 u asm u
020 ## - INTERNATIONAL STANDARD BOOK NUMBER
International Standard Book Number 81-7331-011-4
040 ## - CATALOGING SOURCE
Original cataloging agency Cotton College,Assam
041 ## - LANGUAGE CODE
Language code of text/sound track or separate title asm
082 ## - DEWEY DECIMAL CLASSIFICATION NUMBER
Classification number 301.208
Item number Pa 13 As
100 ## - MAIN ENTRY--PERSONAL NAME
Personal name Padun, Nahendra .
245 #0 - TITLE STATEMENT
Title Asamiya Sanskritilai Janajatiya Barangani /
Statement of responsibility, etc. Nahendra Padun.
Medium Textual Documents
250 ## - EDITION STATEMENT
Edition statement 2nd ed. /
260 ## - PUBLICATION, DISTRIBUTION, ETC.
Place of publication, distribution, etc. Guwahati :
Name of publisher, distributor, etc. Lawyer`s book stall ,
Date of publication, distribution, etc. 1993.
300 ## - PHYSICAL DESCRIPTION
Extent 130p. :
Other physical details ill ;
Dimensions 22cm .
653 ## - INDEX TERM--UNCONTROLLED
Uncontrolled term Culture-Assam
653 ## - INDEX TERM--UNCONTROLLED
Uncontrolled term Assamese Folk Culture
653 ## - INDEX TERM--UNCONTROLLED
Uncontrolled term Folklore-Assam
653 ## - INDEX TERM--UNCONTROLLED
Uncontrolled term PG-Assamese
653 ## - INDEX TERM--UNCONTROLLED
Uncontrolled term G-Sociology
942 ## - ADDED ENTRY ELEMENTS (KOHA)
Source of classification or shelving scheme Dewey Decimal Classification
Koha item type Books
Holdings
Withdrawn status Lost status Damaged status Not for loan Collection Home library Current library Date acquired Coded location qualifier Total checkouts Full call number Barcode Date last seen Copy number Price effective from Koha item type Date last checked out
          Dr. Suryya Kumar Bhuyan Library Dr. Suryya Kumar Bhuyan Library 01/02/2012 00000   301.208 Pa 13 As 3380/As 13/01/2024 3 01/02/2012 Books  
          Dr. Suryya Kumar Bhuyan Library Dr. Suryya Kumar Bhuyan Library 01/02/2012 00000   301.208 Pa 13 As 1843/As 13/01/2024 1 01/02/2012 Books  
          Dr. Suryya Kumar Bhuyan Library Dr. Suryya Kumar Bhuyan Library 01/02/2012 00000 1 301.208 Pa 13 As 1844/As 15/10/2025 2 01/02/2012 Books 13/10/2025

Designed and Maintained by Team SKBL
©1901-2026

Powered by Koha